2008 Super Rugby Final - Crusaders Starting Team - Statistics

General Stats
  • This quiz has been taken 71 times
  • The average score is 9 of 15
Answer Stats
Position Player % Correct
10 Daniel Carter
100%
7 Richie McCaw
96%
6 Kieran Read
89%
4 Brad Thorn
79%
9 Andrew Ellis
77%
15 Leon MacDonald
66%
3 Greg Somerville
63%
1 Wyatt Crockett
63%
5 Ali Williams
57%
11 Scott Hamilton
57%
13 Casey Laulala
45%
8 Mose Tuiali'I
36%
12 Tim Bateman
32%
14 Kade Poki
25%
2 Ti'i Paulo
23%
No matching quizzes found
Score Distribution
Percent of People with Each Score
Percentile by Number Answered
Your Score History
You have not taken this quiz